000 00935nam a2200265Ia 4500
003 OSt
005 20220923211241.0
006 a|||||r|||| 00| 0
007 ta
008 220922b |||||||| |||| 00| 0 pan d
020 _a9788175993747 (hbk)
_c500
024 _a353,384
037 _b1172, 06/01/2020, H.K. Prakashan
_cTextual
040 _aARTS
_cARTS
_bpan
041 _2pan
_apan
082 _aO153,2N18:g, Q9
100 _aਮਸਤ, ਵਰਿਆਮ, ਂਚ.
245 0 _aਰੰਗ ਮੰਚ ਦਾ ਬਾਦFਾਹ ਬਲਵੰਤ ਗਾਰਗੀ
260 _aਨਵੀ੍ਵ
_b ਨਵਯੁਗ ਪਬਲਿFਰਗ਼
_c2019
300 _a311ਪ੍ਰ0
_ccm.
650 _a ਪੰਜਾਬੀ ਨਾਟਕ
650 _aਪੰਜਾਬੀ ਸਾਹਿਤ
942 _hO153,2N18:g, Q9
_cTEXL
_2CC
999 _c297681
_d297681